000 01006cam a22003131 4500
001 76941
003 BD-RjUL
005 20211209082916.0
008 200207s1966 nyua b 000 0 eng
035 _a(BD-RjUL)
040 _aDLC
_cDLC
_dDLC
_beng
041 1 _aengfre
082 0 0 _a709.034
_223
_bBRA 1966
100 1 _aBrion, Marcel,
_d1895-1984.
_9239006
245 1 0 _aArt of the romantic era;
_bromanticism, classicism, realism /
_cMarcel Brion
260 _aLondon :
_bThames and Hudson ,
_c[1966]
300 _a286 p. :
_billus. (part col.) ;
_c22 cm.
490 0 _aPraeger world of art series ;
500 _aTranslation of L'art romantique.
504 _aBibliography: p. 267-268.
650 0 _aPainting, Modern
_y19th century.
_9239007
650 0 _aRomanticism in art.
_9239008
650 0 _aArt and society.
_9239009
906 _a7
_bcbc
_corignew
_du
_eocip
_f19
_gy-gencatlg
942 _2ddc
_cBK
999 _c76941
_d76941